000 00268nam a2200109Ia 4500
008 171205s9999 xx 000 0 und d
020 _a9716010060
100 _aDiaz, Celia Laurel.
245 _cLaurel, Celia Diaz.
_aDoy Laurel
260 _c2005
300 _a337 pages
999 _c347379
_d347379